UBT Library

Mobile and wireless internet : (Record no. 42151)

000 -LEADER
fixed length control field 00811cam a22002414a 4500
001 - CONTROL NUMBER
control field 13201301
005 - DATE AND TIME OF LATEST TRANSACTION
control field 20180208075440.0
008 - FIXED-LENGTH DATA ELEMENTS--GENERAL INFORMATION
fixed length control field 030516s2003 maua b 001 0 eng
010 ## - LIBRARY OF CONGRESS CONTROL NUMBER
LC control number 2003047597
020 ## - INTERNATIONAL STANDARD BOOK NUMBER
International Standard Book Number 0792372085 (alk. paper)
040 ## - CATALOGING SOURCE
Original cataloging agency DLC
Transcribing agency DLC
Modifying agency DLC
041 ## - LANGUAGE CODE
Language code of text/sound track or separate title eng
042 ## - AUTHENTICATION CODE
Authentication code pcc
080 ## - UNIVERSAL DECIMAL CLASSIFICATION NUMBER
Universal Decimal Classification number 004.6 MAK
082 00 - DEWEY DECIMAL CLASSIFICATION NUMBER
Classification number 004.6 MAK
Edition number 21
100 ## - Rafti
Rafti 30
101 ## - Shkurtesa
Shkurtesa SHK
245 00 - TITLE STATEMENT
Title Mobile and wireless internet :
Statement of responsibility, etc Kia Makki ... [et al.].
504 ## - BIBLIOGRAPHY, ETC. NOTE
Bibliography, etc Includes bibliographical references and index.
906 ## - LOCAL DATA ELEMENT F, LDF (RLIN)
a 7
b cbc
c orignew
d 1
e ocip
f 20
g y-gencatlg
942 ## - ADDED ENTRY ELEMENTS (KOHA)
Source of classification or shelving scheme
Item type Books
Holdings
Withdrawn status Lost status Source of classification or shelving scheme Damaged status Not for loan Collection code Permanent location Current location Shelving location Date acquired Total Checkouts Full call number Barcode Date last seen Price effective from Koha item type
          Koleksioni i përgjithshem UBT - Lipjan UBT - Lipjan Koleksioni i përgjithshem 02/08/2018   004.6 MAK 002-2998654 02/08/2018 02/08/2018 Books
UBT Library © 2015-2024. All rights reserved University Education for Business and Technology